000 00301nam a2200121Ia 4500
008 190216s9999||||xx |||||||||||||| ||und||
100 _aSharma K K
245 0 _aProblems In Physical Chemistry
260 _bVikas Publishing House
_c1981
300 _a271p
650 _aChemistry-Chemistry
942 _cBK
999 _c2270
_d2270